Biblioteka Instytutu Północnego w Olsztynie

Widok standardowy Widok MARC

Pozycja Corporate Name

Liczba rekordów, w których użyto hasła: 1

001 - Numer kontrolny

  • control field: 36463

003 - Identyfikator numeru kontrolnego

  • control field: NUKAT

005 - Data i czas ostatniej modyfikacji

  • control field: 20260211112249.0

008 - Dane kontrolne kodowane (40 znaków)

  • fixed length control field: 960612n||a|znnaabn |a ana |c

010 ## - Numer kontrolny Biblioteki Kongresu

  • numer kontrolny LC: n 96400661

024 7# - OTHER STANDARD IDENTIFIER

  • Standard number or code: 262374139
  • Source of number or code: viaf

024 7# - OTHER STANDARD IDENTIFIER

  • Standard number or code: 0000000110145498
  • Source of number or code: isni

040 ## - Instytucja sporządzająca rekord

  • inst. przygot. dane do rek. khw: WR U/SN
  • język haseł przedmiotowych/tezaurus: kaba
  • inst. wprow. rek. khw: WR U/SNc

110 2# - Hasło - nazwa ciała zbiorowego

  • nazwa ciała zbior. lub geogr. na pocz.: Gdańskie Towarzystwo Przyjaciół Sztuki.

410 2# - Trop zob. - nazwa ciała zbiorowego

  • nazwa ciała zbior. lub geogr. na pocz.: GTPS.

665 ## - Nota historyczna

  • nota historyczna: Gdańskie Towarzystwo Przyjaciół Sztuki powstało w 1958.

670 ## - Źródło informacji

  • źródło informacji: Gdański Rocznik Kulturalny. - 8, 1984. - S.9-25.
Biblioteka Instytutu Północnego, ul. Partyzantów 87, 10-402 Olsztyn, email: biblioteka(at)ip.olsztyn.pl